| 000 | 00356nam a2200133Ia 4500 | ||
|---|---|---|---|
| 005 | 20260328101443.0 | ||
| 008 | 260328s9999||||xx |||||||||||||| ||und|| | ||
| 100 | _aBrolin, Brent C. | ||
| 245 | 4 |
_aThe Failure of Modern Architecture / _cBrent C. Brolin |
|
| 260 | _bVan Nostrand Reinhold | ||
| 300 | _a127 p. | ||
| 650 | _aARQUITECTURA MODERNA | ||
| 942 | _cBK | ||
| 999 |
_c8357 _d8357 |
||